Chickadees, Titmice, and Nuthatches of North America - Statistics

General Stats
  • This quiz has been taken 7 times
  • The average score is 11 of 17
Answer Stats
Picture Answer % Correct
Black-Capped Chickadee
100%
Carolina Chickadee
100%
Chestnut-Backed Chickadee
83%
Mountain Chickadee
83%
Tufted Titmouse
83%
Boreal Chickadee
67%
Brown Creeper
67%
Pygmy Nuthatch
67%
Red-Breasted Nuthatch
67%
White-Breasted Nuthatch
67%
Black-Crested Titmouse
50%
Gray-Headed Chickadee
50%
Juniper Titmouse
50%
Mexican Chickadee
50%
Bridled Titmouse
33%
Brown-Headed Nuthatch
33%
Oak Titmouse
17%
No matching quizzes found
Score Distribution
Percent of People with Each Score
Percentile by Number Answered
Your Score History
You have not taken this quiz